[Event "Cambados op 23rd"]
[Site "Cambados"]
[Date "2007.08.07"]
[Round "6"]
[White "Patino Romaris, Juan Roberto"]
[Black "Torrado Quintela, Julio"]
[Result "0-1"]
[WhiteElo "2248"]
[BlackElo "2261"]
[PlyCount "70"]
[EventDate "2007.08.02"]
[EventType "swiss"]
[EventRounds "9"]
[EventCountry "ESP"]
[SourceTitle "CBM 119 Extra"]
[Source "ChessBase"]
[SourceDate "2007.09.04"]
[SourceVersion "1"]
[SourceVersionDate "2007.09.04"]
[SourceQuality "1"]

1. d4 d5 2. c4 e6 3. Nc3 Nf6 4. cxd5 exd5 5. Bg5 Be7 6. e3 c6 7. Qc2 Nbd7 8. Bd3 0-0 9. Nf3 Re8 10. h3 Nf8 11. 0-0-0 Ne4 12. Bxe7 Qxe7 13. Bxe4 dxe4 14. Nd2 f5 15. g4 c5 16. d5 fxg4 17. hxg4 Bxg4 18. Rdg1 Bf5 19. f3 Rad8 20. Ndxe4 b5 21. Qb3 b4 22. d6+ Qe6 23. Nd5 c4 24. Qxb4 Bxe4 25. Nc7 Qf7 26. Nxe8 Bg6 27. Nc7 Qxf3 28. Qxc4+ Kh8 29. Re1 Nd7 30. Rhf1 Qg2 31. e4 Ne5 32. Qe2 Qg3 33. Qe3 Nd3+ 34. Kc2 Qxd6 35. Qxd3 Qxd3+ 0-1